000 00671nam a22001815i 4500
001 166193
003 ES-MaACL
005 20250702063124.0
008 940301m18541855gw |||| | eng d
040 _aAS
_bspa
100 1 _aThackeray, William Makepeace,
_d1811-1863
_9109858
245 1 4 _aThe new comes
_b: memoirs of a most respectable family /
_cby W.M. Thackeray.
260 _aLeipzig :
_bBernhard Tauchnitz,
_c1854-1855.
300 _a4 v. ;
_c16 cm.
596 _aEn las anteport. de los tomos II, III y IV figuran como fechas de reimp. 1918-1920.
852 _aES-MaACL
_jG-12013-14
_z-- Enc. hol.
_z-- Enc. 4 t. en 2 v.
999 _c166193
_d166193